01020nam a2200169 a 4500001001500000005001700015008004100032020002700073020003000100100001600130245003800146300001900184520043900203856008200642999001700724952010900741ASINB00DT5LMFA20150423095233.0150423s2005 xxu eng d a9685640432 (hardcover) a9789685640435 (hardcover)1 aAli, Ameer.14aThe spirit of islam /cAmeer Ali. a1 v. (unpaged) aWithin a few centuries after the death of Mohammed (PBUH) in A. D. 632 the Islamic creed had spread across half the world and obtained a permanent and power hold over millions of people. In this book the author traces the origins and the history of this religion. He recognizes almost for the first time in a book in the English language, its extraordinary effects in uplifting humanity and its true place in the history of religions.403Amazon.comuhttp://www.amazon.com/exec/obidos/ASIN/B00DT5LMFA/chopaconline-20 c13300d13300 00104070aQUESTCLbQUESTCLd2015-04-23g55.00l0o297.16AMEp9546r2015-04-23 00:00:00w2015-04-23yBK